<?xml version="1.0" encoding="UTF-8"?>
<collection xmlns="http://www.loc.gov/MARC21/slim">
    <record>
        <controlfield tag="001">1890</controlfield>
        <controlfield tag="005">20190219123709.0</controlfield>
        <controlfield tag="008">   "    s2008    vau|    sm    00| 0|eng d"
  </controlfield>
        <datafield tag="020" ind1=" " ind2=" ">
            <subfield code="a">978-84-691-7189-9</subfield>
        </datafield>
        <datafield tag="035" ind1=" " ind2=" ">
            <subfield code="a">(UniZar) TDR-1007108-105339</subfield>
        </datafield>
        <datafield tag="037" ind1=" " ind2=" ">
            <subfield code="a">TESIS-2008-012</subfield>
        </datafield>
        <datafield tag="041" ind1=" " ind2=" ">
            <subfield code="a">spa</subfield>
        </datafield>
        <datafield tag="100" ind1="1" ind2=" ">
            <subfield code="a">Uribe Agudo, Paula</subfield>
        </datafield>
        <datafield tag="245" ind1="0" ind2="0">
            <subfield code="a">La edilicia doméstica urbana romana en el cuadrante Nordeste de la Península Ibérica (ss. I a. C. - III d. C.).</subfield>
        </datafield>
        <datafield tag="256" ind1=" " ind2=" ">
            <subfield code="a">Computer data - 1 files(s)</subfield>
        </datafield>
        <datafield tag="260" ind1=" " ind2=" ">
            <subfield code="a">Zaragoza</subfield>
            <subfield code="b">Universidad de Zaragoza, Universidad de Zaragoza</subfield>
            <subfield code="c">2008</subfield>
        </datafield>
        <datafield tag="502" ind1=" " ind2=" ">
            <subfield code="a">Universidad de Zaragoza, 2008-06-30</subfield>
        </datafield>
        <datafield tag="504" ind1=" " ind2=" ">
            <subfield code="a">Includes bibliographical references.</subfield>
        </datafield>
        <datafield tag="506" ind1=" " ind2=" ">
            <subfield code="a">by-nc-nd</subfield>
            <subfield code="b">Creative Commons</subfield>
            <subfield code="c">3.0</subfield>
            <subfield code="u">https://creativecommons.org/licenses/by-nc-nd/3.0/</subfield>
        </datafield>
        <datafield tag="520" ind1="3" ind2=" ">
            <subfield code="a">El objetivo de nuestra tesis doctoral ha sido examinar la arquitectura doméstica romana urbana del cuadrante Nordeste de la Península Ibérica durante los SS. I a. C.- III d. C. Para ello, realizamos un minucioso y detallado catálogo sobre los diferentes edificios romanos que poseyeron estas características. En este sentido, decidimos consideramos cinco aspectos para nosotros fundamentales: la evolución del concepto de la casa romana a lo largo de la historiografía, los materiales y las técnicas constructivas utilizadas en la arquitectura doméstica, el diseño de la obra en relación con la metrología, la funcionalidad de los espacios y la diversidad de formas en la edilicia privada. De este modo, hemos podido obtener diferentes conclusiones sobre la clase social o etnia a la que pertenecieron sus inquilinos o sobre los distintos modelos edilicios desarrollados en este territorio. The aim of my PhD has been to examine the urban Roman domestic architecture of the Northeastern quadrant of the Iberian Peninsula during I BC. - III AC. For it, we made a meticulous one and detailed catalogue on the different Roman buildings that they had these characteristics. In this sense, we decided we considered five aspects for fundamental us: the evolution of the concept of the Roman house throughout the historiography, the materials and the used constructive techniques in the domestic architecture, the design of the work in relation to the metrology, the functionality of the spaces and the diversity of forms in the private building. In this way, we have been able to obtain different conclusions on the social class or ethnic group to whom their renters belonged or on the different developed of models in this territory. </subfield>
        </datafield>
        <datafield tag="538" ind1=" " ind2=" ">
            <subfield code="a">System requirements: PC, World Wide Web Browser and PDF reader</subfield>
        </datafield>
        <datafield tag="538" ind1=" " ind2=" ">
            <subfield code="a">Available electronically via Internet</subfield>
        </datafield>
        <datafield tag="653" ind1=" " ind2=" ">
            <subfield code="a">North-eastern Iberian Peninsula</subfield>
        </datafield>
        <datafield tag="653" ind1=" " ind2=" ">
            <subfield code="a">Roman Domestic Architecture</subfield>
        </datafield>
        <datafield tag="653" ind1=" " ind2=" ">
            <subfield code="a">edilicia doméstica romana</subfield>
        </datafield>
        <datafield tag="653" ind1=" " ind2=" ">
            <subfield code="a">domus</subfield>
        </datafield>
        <datafield tag="653" ind1=" " ind2=" ">
            <subfield code="a">Nordeste de la Península Ibérica</subfield>
        </datafield>
        <datafield tag="653" ind1=" " ind2=" ">
            <subfield code="a">Arquitectura doméstica urbana romana</subfield>
        </datafield>
        <datafield tag="653" ind1=" " ind2=" ">
            <subfield code="a">domus.</subfield>
        </datafield>
        <datafield tag="700" ind1=" " ind2=" ">
            <subfield code="a">Martín-Bueno, Manuel</subfield>
            <subfield code="e">Director/a de la tesis</subfield>
        </datafield>
        <datafield tag="710" ind1="2" ind2=" ">
            <subfield code="a">Universidad de Zaragoza</subfield>
            <subfield code="b">Ciencias de la Antigüedad</subfield>
        </datafield>
        <datafield tag="856" ind1="4" ind2=" ">
            <subfield code="s">23453844</subfield>
            <subfield code="u">http://zaguan.unizar.es/record/1890/files/TUZ_0021_uribe_01.pdf</subfield>
        </datafield>
        <datafield tag="856" ind1="4" ind2=" ">
            <subfield code="s">7751819</subfield>
            <subfield code="u">http://zaguan.unizar.es/record/1890/files/TUZ_0021_uribe_02.pdf</subfield>
        </datafield>
        <datafield tag="909" ind1="C" ind2="O">
            <subfield code="o">oai:zaguan.unizar.es:1890</subfield>
        </datafield>
        <datafield tag="909" ind1="c" ind2="o">
            <subfield code="p">tesis</subfield>
        </datafield>
        <datafield tag="909" ind1="C" ind2="O">
            <subfield code="p">driver</subfield>
        </datafield>
        <datafield tag="980" ind1=" " ind2=" ">
            <subfield code="a">TESIS</subfield>
        </datafield>
    </record>

    
</collection>